000 00480 a2200169 4500
003 OSt
005 20230905150201.0
008 230905b |||||||| |||| 00| 0 eng d
020 _a9780143420217
040 _coclc
082 _a823.914
_bTHA/R
100 _aTharoor, Shashi
_d1956-
_91771
245 _aRiot
_bA novel /
_cShashi Tharoor
260 _aIndia:
_bPenguin books,
_c2015.
300 _a272 p
942 _2ddc
_cBK
_h823.914
_iTHA/R
_k823.914
_mTHA/R
999 _c42128
_d42128